Мали (Запис номер 382179)
[ съкратено ]
| 000 -Лидер | |
|---|---|
| Контролно поле с фиксирана дължина | nam a22 a 4500 |
| 003 - Код на организацията, давaща контролен номер | |
| Контролно поле | BLK |
| 005 - Дата и час на последна редакция | |
| Контролно поле | 20220117141337.0 |
| 008 - Елементи от данни с фиксирана дължина | |
| fixed length control field | 20200813b bul|||||r ||||||| ||bul|| |
| 040 ## - Източник на каталожния запис | |
| Идентификатор на билиотеката - собственик на записа | BLK |
| 041 ## - Код за език | |
| Код за езика на текст/звукозапис или на отделно заглавие | Български |
| Код за езика КДБФ | Български |
| 080 ## - УДК | |
| Текстов определител УДК | География на Западна Африка |
| УДК код - определител по УДК | 916.6 |
| УДК - код + определител | 919.6 |
| 080 ## - УДК | |
| Текстов определител УДК | Туристически ресурси. Туристическа география |
| УДК код - определител по УДК | 338.483 |
| УДК - код + определител | 338.483 |
| 100 ## - Редна дума - Автор | |
| Автор | Любенова, Ива |
| Авторска отговорност | първи автор |
| R(LIN) | 1299 |
| 139 ## - Редно поле | |
| Редна дума | Любенова, Ива |
| 245 10 - Сведения за заглавието | |
| Заглавие | Мали |
| Подзаглавни данни | [Физикогеогр. и икономгеогр. очерк] |
| Редно поле (дума) | Ива Любенова. |
| 257 ## - Страна на издаване | |
| Страна на създаване/издаване | България |
| 260 ## - Област на издателските данни | |
| Място на издаване, разпространение и проч. | София |
| Име на издателя, разпространителя и проч. | Наука и изкуство |
| Година на издаване | 1970 |
| 300 ## - Физическа характеристика | |
| Страници | 164 с. |
| Илюстрации и др. | с ил. |
| Размери/Мащаб | 18 см |
| 380 ## - Жанр | |
| Жанр | География |
| 490 ## - СЕРИИ (Колекции) | |
| Име на серия | Библиотека при Българското географско дружество |
| 9 (RLIN) | 207201 |
| 500 ## - Общи забележки | |
| Забележка | 2 078 тир. 0,61 лв. |
| 650 #7 - Допълнително описание по предмет – тема | |
| 9 (RLIN) | 161030 |
| Основно описание – тема или топоним | Мали |
| 650 #0 - Допълнително описание по предмет – тема | |
| 9 (RLIN) | 426866 |
| Основно описание – тема или топоним | Африка |
| 650 #0 - Допълнително описание по предмет – тема | |
| 9 (RLIN) | 304422 |
| Основно описание – тема или топоним | Туристически обекти |
| 852 ## - Местоположение | |
| Форматна сигнатура | Цб І 11662 |
| Фондова буква | Хранилище |
| 856 4# - Електронен адрес и достъп | |
| Електронен формат | pdf - файл |
| Път до файла /url/ | |
| 856 4# - Електронен адрес и достъп | |
| Електронен формат | pdf - файл |
| Път до файла /url/ | |
| 999 ## - СИСТЕМНИ КОНТРОЛНИ НОМЕРА | |
| Koha biblionumber | 382179 |
| Koha biblioitemnumber | 382179 |
| 942 ## - АРТИКУЛИ | |
| Вид на библиотечния материал | Книги |
| Скрит в OPAC | Не |
| Периодичен библиозапис | Да |
| 944 ## - СЪЗДАВАНЕ И РЕДАКЦИЯ на ЗАПИСА | |
| Създаване/Редакция | Създаване |
| Дата на регистрацията/редакция | 2020-08-13 |
| Служител, извършил регистрацията/редакцията | К.Д. |
| 999 ## - СИСТЕМНИ КОНТРОЛНИ НОМЕРА | |
| Koha biblioitemnumber | 382179 |
| Код за отписване | Код за изгубен артикул | Източник на класификационната схема | Код за повреда | Коз за рестрикции | Код за отдаване | Артикулен № | Име на библиотеката - собственик | Име на библиотеката, в която се намира в момента | Статус (Текущо местоположение) | Дата на вписване в системата | Местоположение - отдел | Цена в лева | Инвентарен номер | Систематично азбучна сигнатура | Баркод | Цена в евро | Служебен тип на артикула |
|---|---|---|---|---|---|---|---|---|---|---|---|---|---|---|---|---|---|
| Не е изгубен | Universal Decimal Classification | Не е повреден | само за читалня | ползва се в читалня | 791411 | Регионална библиотека "Любен Каравелов" Русе | Регионална библиотека "Любен Каравелов" Русе | Хранилище | 2020-08-17 | Хранилище | 0.61 | 77531 | Цб І 11662 | 120000077531 | 0.31 | Книги |